[Event "CRO-ch U15 Girls"]
[Site "Trogir"]
[Date "2023.06.25"]
[Round "7"]
[White "Lukinovic, Laura"]
[Black "Car, Lana"]
[Result "1/2-1/2"]
[WhiteElo "1226"]
[BlackElo "1228"]
[PlyCount "78"]
[EventDate "2023.06.21"]
[EventType "swiss"]
[EventRounds "9"]
[EventCountry "CRO"]
[SourceTitle "EXT 2024"]
[Source "ChessBase"]
[SourceDate "2023.10.10"]
[SourceVersion "1"]
[SourceVersionDate "2023.10.10"]
[SourceQuality "1"]

1. d4 d5 2. Nf3 Nf6 3. Bf4 e6 4. e3 Bd6 5. Bg3 0-0 6. c3 c5 7. Nbd2 Nc6 8. Bd3 a6 9. Qe2 Re8 10. Ne5 Qc7 11. f4 b5 12. Bh4 Be7 13. Rf1 g6 14. g4 Kg7 15. Bg5 Nd7 16. Bxe7 Nxe7 17. g5 c4 18. Bc2 Bb7 19. h4 Nf5 20. Qf2 Rh8 21. h5 Kf8 22. hxg6 hxg6 23. Ke2 Ke7 24. Rh1 Qd8 25. Rh2 Rxh2 26. Qxh2 Nxe5 27. fxe5 Qh8 28. Qg2 Qh5+ 29. Nf3 Nh4 30. Qg3 Nxf3 31. Qxf3 Rh8 32. Rg1 Qxf3+ 33. Kxf3 Rh2 34. Rg2 Rxg2 35. Kxg2 Kd7 36. Kf3 Kc7 37. e4 a5 38. a3 Bc8 39. exd5 exd5 1/2-1/2

[Event "CRO-ch U15 Girls"]
[Site "Trogir"]
[Date "2023.06.21"]
[Round "2"]
[White "Savic, Anja"]
[Black "Lukinovic, Laura"]
[Result "1/2-1/2"]
[WhiteElo "1285"]
[BlackElo "1226"]
[PlyCount "44"]
[EventDate "2023.06.21"]
[EventType "swiss"]
[EventRounds "9"]
[EventCountry "CRO"]
[SourceTitle "EXT 2024"]
[Source "ChessBase"]
[SourceDate "2023.10.10"]
[SourceVersion "1"]
[SourceVersionDate "2023.10.10"]
[SourceQuality "1"]

1. d4 Nf6 2. c4 e6 3. Nf3 d5 4. Nc3 c6 5. Bf4 Bd6 6. Bxd6 Qxd6 7. e3 Nbd7 8. Bd3 0-0 9. 0-0 Re8 10. cxd5 exd5 11. Qc2 h6 12. Rfe1 Nb6 13. h3 Be6 14. e4 dxe4 15. Nxe4 Nxe4 16. Bxe4 Bd5 17. Ne5 Bxe4 18. Rxe4 Nd5 19. Rae1 Nf6 20. Nc4 Qd5 21. Rxe8+ Rxe8 22. Rxe8+ Nxe8 1/2-1/2

[Event "CRO-ch U15 Girls"]
[Site "Trogir"]
[Date "2022.06.25"]
[Round "6"]
[White "Lukinovic, Laura"]
[Black "Savic, Anja"]
[Result "1/2-1/2"]
[WhiteElo "1164"]
[BlackElo "1308"]
[PlyCount "21"]
[EventDate "2022.06.22"]
[EventType "swiss"]
[EventRounds "9"]
[EventCountry "CRO"]
[SourceTitle "CBM 209 Extra"]
[Source "ChessBase"]
[SourceDate "2022.09.30"]
[SourceVersion "1"]
[SourceVersionDate "2022.09.30"]
[SourceQuality "1"]

1. e4 c5 2. Nf3 d6 3. d4 cxd4 4. Nxd4 Nf6 5. Nc3 e6 6. Bc4 Be7 7. f3 0-0 8. Be3 a6 9. Qd2 Re8 10. 0-0-0 Qc7 11. Bb3 1/2-1/2

[Event "CRO-chT U16 Girls"]
[Site "Djurdjevac"]
[Date "2021.12.18"]
[Round "2.2"]
[White "Zagorac, Lara"]
[Black "Lukinovic, Laura"]
[Result "1-0"]
[WhiteElo "1491"]
[BlackElo "1126"]
[PlyCount "73"]
[EventDate "2021.12.18"]
[EventType "team-tourn"]
[EventRounds "5"]
[EventCountry "CRO"]
[SourceTitle "EXT 2023"]
[Source "ChessBase"]
[SourceDate "2022.10.05"]
[SourceVersion "1"]
[SourceVersionDate "2022.10.05"]
[SourceQuality "1"]
[WhiteTeam "Crikvenica (W)"]
[BlackTeam "Sveti Ivan Zabno (W)"]
[WhiteTeamCountry "CRO"]
[BlackTeamCountry "CRO"]

1. Nf3 d5 2. d4 Nf6 3. g3 e6 4. Bg2 c5 5. e3 Nc6 6. 0-0 Bd6 7. c3 0-0 8. Nbd2 b6 9. b3 h6 10. Bb2 Ba6 11. Re1 Bd3 12. Bf1 Bxf1 13. Rxf1 Ne7 14. c4 Rc8 15. dxc5 Rxc5 16. Bxf6 gxf6 17. Rc1 Nf5 18. cxd5 Rxd5 19. e4 Rb5 20. exf5 Rxf5 21. Nh4 Rd5 22. Nhf3 Kh8 23. Qc2 Rg8 24. Ne4 Be7 25. Rfd1 Ba3 26. Rxd5 exd5 27. Rd1 Rg4 28. Nc3 d4 29. Ne2 Qd5 30. Nfxd4 Bc5 31. Qd2 a5 32. h3 Re4 33. Nc3 Qxd4 34. Nxe4 Qxd2 35. Rxd2 Be7 36. Nd6 Kg8 37. Kg2 1-0

[Event "EU-ch Online U12 Girls"]
[Site "Tornelo INT"]
[Date "2020.09.20"]
[Round "7"]
[White "Lukinovic, Laura"]
[Black "Seemann, Pola"]
[Result "0-1"]
[WhiteElo "1080"]
[BlackElo "1226"]
[PlyCount "128"]
[EventDate "2020.09.18"]
[EventType "swiss (rapid)"]
[EventRounds "9"]
[EventCountry "NET"]
[SourceTitle "EXT 2023"]
[Source "ChessBase"]
[SourceDate "2022.10.05"]
[SourceVersion "1"]
[SourceVersionDate "2022.10.05"]
[SourceQuality "1"]
[WhiteTeam "Croatia"]
[BlackTeam "Poland"]
[WhiteTeamCountry "CRO"]
[BlackTeamCountry "POL"]

1. d4 Nf6 2. c4 e6 3. Nc3 b6 4. Nf3 Bb4 5. e3 Bb7 6. Bd2 0-0 7. Bd3 Bxc3 8. Bxc3 Ne4 9. Bxe4 Bxe4 10. 0-0 d6 11. Qe2 Nd7 12. Rfd1 Nf6 13. Ng5 Bb7 14. Qc2 h6 15. Nh3 Ne4 16. Rac1 Qe7 17. b3 Rad8 18. Bb4 c5 19. dxc5 dxc5 20. Ba3 Qh4 21. Bb2 Ng5 22. Nxg5 Qxg5 23. f3 Bxf3 24. Rd2 Qxe3+ 25. Rf2 Be4 26. Qc3 Qxc3 27. Bxc3 Rd3 28. Rd2 Rfd8 29. Rxd3 Rxd3 30. Be5 Rd2 31. Ra1 Rxg2+ 32. Kf1 Rd2 33. Bb8 Rd7 34. Ke2 f6 35. Bg3 e5 36. Ke3 Bg6 37. Ke2 Kf7 38. Kf3 Ke6 39. Ke3 Rd3+ 40. Ke2 a6 41. Rc1 h5 42. Kf2 Rd2+ 43. Ke3 Rxa2 44. Re1 Ra3 45. Kd2 Rxb3 46. Bf4 a5 47. Bg3 Rb4 48. Kc3 Rb1 49. Re2 Kf5 50. Rd2 Ke6 51. Rd8 Bf5 52. Rh8 Bg4 53. Rg8 g5 54. Re8+ Kf5 55. Rd8 Rb4 56. Rd6 Be2 57. Kc2 Bxc4 58. Kc1 a4 59. Rd2 a3 60. Rc2 a2 61. Rd2 a1Q+ 62. Kc2 Rb2+ 63. Kc3 Qc1+ 64. Rc2 Qxc2# 0-1

[Event "EU-ch Online U12 Girls"]
[Site "Tornelo INT"]
[Date "2020.09.19"]
[Round "6"]
[White "Zovko, Josipa"]
[Black "Lukinovic, Laura"]
[Result "1-0"]
[WhiteElo "1268"]
[BlackElo "1080"]
[PlyCount "163"]
[EventDate "2020.09.18"]
[EventType "swiss (rapid)"]
[EventRounds "9"]
[EventCountry "NET"]
[SourceTitle "EXT 2023"]
[Source "ChessBase"]
[SourceDate "2022.10.05"]
[SourceVersion "1"]
[SourceVersionDate "2022.10.05"]
[SourceQuality "1"]
[WhiteTeam "Croatia"]
[BlackTeam "Croatia"]
[WhiteTeamCountry "CRO"]
[BlackTeamCountry "CRO"]

1. e4 e5 2. Nf3 Nc6 3. Bb5 d6 4. c3 Nf6 5. d3 a6 6. Ba4 b5 7. Bb3 Bb7 8. 0-0 Be7 9. Re1 0-0 10. Nbd2 Re8 11. Nf1 h6 12. Ng3 Rf8 13. h3 Nh7 14. Nf5 Bg5 15. Nxg5 Nxg5 16. Qg4 Qf6 17. h4 Ne6 18. Bxh6 Bc8 19. Bxe6 Bxe6 20. Qg5 Qxg5 21. Bxg5 f6 22. Be3 g6 23. Ng3 Kh7 24. Rad1 Rad8 25. d4 exd4 26. cxd4 Bxa2 27. Rc1 Nb4 28. Rxc7+ Kg8 29. Bh6 Rfe8 30. Rg7+ Kh8 31. Rxg6 Rg8 32. Rxg8+ Rxg8 33. e5 dxe5 34. dxe5 fxe5 35. Rxe5 Rg6 36. Be3 Bc4 37. Re8+ Kh7 38. Re7+ Kh8 39. Bd4+ Kg8 40. Nh5 Kf8 41. Rg7 Rxg7 42. Bxg7+ Kf7 43. Bc3 Nd5 44. Bd4 Kg6 45. g4 Be2 46. Kg2 Bxg4 47. Ng3 Bd1 48. f3 Nf4+ 49. Kf2 Nd3+ 50. Ke3 Ne1 51. Kd2 Nxf3+ 52. Ke3 Nxd4 53. Kxd4 Bb3 54. Kc5 Bc4 55. Kb6 Kf6 56. Kxa6 Ke5 57. Ka5 Kf4 58. Nh5+ Kg4 59. Nf6+ Kxh4 60. Ne4 Kg4 61. Nd6 Kf4 62. Nxb5 Bg8 63. b4 Bc4 64. Nd6 Bf1 65. Kb6 Ke5 66. Kc5 Ke6 67. Nc4 Kd7 68. b5 Kc7 69. b6+ Kb7 70. Nd6+ Kb8 71. Kc6 Bg2+ 72. Kd7 Ka8 73. Kc7 Be4 74. Nb5 Bg2 75. Nd4 Bf3 76. Nc6 Bxc6 77. Kxc6 Kb8 78. b7 Ka7 79. Kc7 Ka6 80. b8Q Ka5 81. Qb3 Ka6 82. Qb6# 1-0

[Event "EU-ch Online U12 Girls"]
[Site "Tornelo INT"]
[Date "2020.09.18"]
[Round "2"]
[White "Buchtova, Viktorie"]
[Black "Lukinovic, Laura"]
[Result "1-0"]
[WhiteElo "1294"]
[BlackElo "1080"]
[PlyCount "69"]
[EventDate "2020.09.18"]
[EventType "swiss (rapid)"]
[EventRounds "9"]
[EventCountry "NET"]
[SourceTitle "EXT 2023"]
[Source "ChessBase"]
[SourceDate "2022.10.05"]
[SourceVersion "1"]
[SourceVersionDate "2022.10.05"]
[SourceQuality "1"]
[WhiteTeam "Czech Republic"]
[BlackTeam "Croatia"]
[WhiteTeamCountry "CZE"]
[BlackTeamCountry "CRO"]

1. e4 c5 2. Nf3 d6 3. d4 cxd4 4. Nxd4 Nf6 5. Nc3 g6 6. Be3 Bg7 7. f3 0-0 8. Bc4 Nc6 9. Bb3 Bd7 10. Qd2 b6 11. 0-0 Rc8 12. Rad1 Nxd4 13. Bxd4 Be6 14. Bxe6 fxe6 15. f4 Qd7 16. e5 Nh5 17. exd6 exd6 18. Bxg7 Qxg7 19. Qxd6 Rcd8 20. Qxd8 Nf6 21. Qd6 Re8 22. Rfe1 Qf7 23. Qe5 Ng4 24. Qg5 Nf6 25. Rd6 Nh5 26. f5 Ng7 27. Rd8 exf5 28. Rdxe8+ Nxe8 29. Qe7 Qxe7 30. Rxe7 Nd6 31. Rxa7 Nc4 32. b3 Ne3 33. Rb7 Nxc2 34. Rxb6 Nd4 35. a4 1-0

[Event "CRO-ch U13 Girls"]
[Site "Trogir"]
[Date "2020.08.24"]
[Round "2"]
[White "Lukinovic, Laura"]
[Black "Domislovic, Helena"]
[Result "0-1"]
[WhiteElo "1791"]
[BlackElo "1602"]
[PlyCount "88"]
[EventDate "2020.08.24"]
[EventType "tourn"]
[EventRounds "9"]
[EventCountry "CRO"]
[SourceTitle "CBM 198 Extra"]
[Source "ChessBase"]
[SourceDate "2020.11.30"]
[SourceVersion "1"]
[SourceVersionDate "2020.11.30"]
[SourceQuality "1"]

1. Nf3 c5 2. e3 Nc6 3. d4 e6 4. Nc3 d5 5. Bb5 Nge7 6. Ne5 Bd7 7. Bxc6 Nxc6 8. Nxc6 Bxc6 9. b3 Be7 10. dxc5 Bxc5 11. 0-0 0-0 12. Bb2 g6 13. Ne2 a5 14. Nf4 Bb5 15. Re1 a4 16. Qf3 Bc6 17. Qg4 Be7 18. Qe2 a3 19. Bd4 Bf6 20. Bxf6 Qxf6 21. c4 Rfd8 22. cxd5 exd5 23. Red1 d4 24. Nd3 Bb5 25. exd4 Rxd4 26. Qe3 Rxd3 27. Qc5 Rxd1+ 28. Rxd1 Be2 29. Re1 Qb2 30. Qe3 Bh5 31. Qb6 Qd2 32. Qe3 Qxa2 33. Qb6 Qb2 34. Qxb7 Rd8 35. h3 Rd1 36. Rxd1 Bxd1 37. Qd5 a2 38. Qd8+ Kg7 39. Qxd1 a1Q 40. Qxa1 Qxa1+ 41. Kh2 Qe5+ 42. g3 f5 43. b4 h5 44. b5 Qxb5 0-1